| 000 | 003170000a22000970004500 | ||
|---|---|---|---|
| 100 | 1 | _aBuitrago, Alejandra | |
| 245 | 1 | 0 | _aApertura celestial : Tras 500 años de catolicismo oficial, Colombia se abrió a la libertad de cultos |
| 300 | _aVol. 4, Num. 4 (Julio, 1993), Páginas 28-32 | ||
| 773 | 0 | _tCambio 16 | |
| 942 | _cANA | ||
| 999 |
_c58513 _d58513 |
||